000 01127cam a2200337 i 4500
999 _c2848
_d2848
001 18277984
003 GBCCL
005 20241126110441.0
008 140825s2008 ii b 001 0 eng
010 _a 2014357030
025 _aI-E-2014-357030; 61-15
040 _aDLC
_beng
_erda
_cDLC
_dDLC
042 _alcode
_apcc
043 _aa-ii---
050 0 0 _aDS485.M49
_bD46 2008
082 _a361.61095417
_bDEN
100 1 _aDena, Lal,
_d1943-
_eauthor.
_93454
245 1 0 _aBritish policy towards Manipur, 1891 - 1919 /
_cLal Dena.
250 _aSecond revised and enlarged edition.
264 1 _aImphal :
_bNongeen Publications,
_c[2008]
264 2 _aImphal :
_bRajesh Book Store
300 _a148 pages ;
_c22 cm
336 _atext
_btxt
_2rdacontent
337 _aunmediated
_bn
_2rdamedia
338 _avolume
_bnc
_2rdacarrier
504 _aIncludes bibliographical references (pages 143-146) and index.
651 0 _aManipur (India)
_xHistory.
_93455
906 _a7
_bcbc
_corigode
_d3
_encip
_f20
_gy-gencatlg
942 _2ddc
_cBK